LDR 00927naa#a2200169#i#450# 001 RU\INFRA-M\bibl\117367 005 20260703044425.5 011 ## _a2500-333X 100 ## _a20260618b2026####ek#y0rusy0150####ca 102 ## _aRU 200 1# _aПриостановление операций с денежными средствами, электронными денежными средствами, авансовыми платежами при расследовании преступлений: проблемные вопросы _eЖурнальная статья 210 1# _aМосква _cОбщество с ограниченной ответственностью «Научно-издательский центр ИНФРА-М» _d2026 215 ## _a6 с. 608 ## _aЖурнальная статья _2local 675 ## _aПраво. Юридические науки. 34 _z 700 #1 _aГаврилов _gМ. А. 856 4# _azh-szf.ru _u